Lord of the Rings Cast Quiz - Statistics

General Stats
  • This quiz has been taken 82 times
  • The average score is 15 of 23
Answer Stats
Character Answer % Correct
Frodo Baggins Elijah Wood
93%
Legolas Orlando Bloom
93%
Gandalf Ian McKellen
85%
Boromir Sean Bean
84%
Gollum Andy Serkis
82%
Galadriel Cate Blanchett
82%
Arwen Liv Tyler
82%
Saruman Christopher Lee
79%
Samwise Gamgee Sean Astin
78%
Elrond Hugo Weaving
76%
Bilbo Baggins Ian Holm
76%
Pippin Took Billy Boyd
72%
Merry Brandybuck Dominic Monaghan
65%
Aragorn Vigo Mortensen
65%
Gimli John Rhys-Davies
63%
Éowyn Miranda Otto
63%
Théoden Bernard Hill
60%
Éomer Karl Urban
57%
Faramir David Wenham
46%
Denethor John Noble
40%
Grima Wormtounge Brad Dourif
35%
Sauron Sala Baker
24%
The Witch King Brent McIntyre
7%
No matching quizzes found
Score Distribution
Percent of People with Each Score
Percentile by Number Answered
Your Score History
You have not taken this quiz